The clinical practice of medical - surgical nursing

Na minha lista:
Detalhes bibliográficos
Autor principal: Marjorie Beyers
Formato: Livro
Idioma:Undetermined
Publicado em: Boston Little Brown 1984
Assuntos:
Tags: Adicionar Tag
Sem tags, seja o primeiro a adicionar uma tag!
Thư viện lưu trữ: Trung tâm Học liệu Trường Đại học Cần Thơ
LEADER 00522nam a2200181Ia 4500
001 CTU_7194
008 210402s9999 xx 000 0 und d
082 |a 610.7367 
082 |b B573 
100 |a Marjorie Beyers 
245 4 |a The clinical practice of medical - surgical nursing 
245 0 |c Marjorie Beyers 
260 |a Boston 
260 |b Little Brown 
260 |c 1984 
650 |a nursing,nursing care 
904 |i Nguyễn Quang Điền, 960601 
980 |a Trung tâm Học liệu Trường Đại học Cần Thơ